000 00286nam a22001337a 4500
008 190305b xxu||||| |||| 00| 0 eng d
020 _a9780807744154
041 _aeng
080 _a371
100 _a46
101 _aEDU
245 _aCritical Passages
_cDombek,K
942 _2udc
_cBK
999 _c54476
_d54476